000 00284nam a22001217a 4500
008 170612b xxu||||| |||| 00| 0 eng d
041 _aeng
080 _a323
100 _a19
101 _ashp
245 _aTHE OTHER WORLD ISSUES AND POLITICS
_cWEATHERBY.J.N
942 _2udc
_cBK
999 _c16923
_d16923